পানির অপর নাম জীবন / (Record no. 483)
[ view plain ]
| 000 -LEADER | |
|---|---|
| fixed length control field | 00701nam a2200229 a 4500 |
| 001 - CONTROL NUMBER | |
| JCCL Control Number | 483 |
| 003 - CONTROL NUMBER IDENTIFIER | |
| JCCL marc code | BD-JhCC |
| 005 - DATE AND TIME OF LATEST TRANSACTION | |
| control field | 20171016185541.0 |
| 008 - FIXED-LENGTH DATA ELEMENTS--GENERAL INFORMATION | |
| fixed length control field | 171005s1970 bg |||| ||a| 000 0 ben d |
| 035 ## - SYSTEM CONTROL NUMBER | |
| system control number | (BD-JhCC)483 |
| 040 ## - CATALOGING SOURCE | |
| Original cataloging agency | BD-JhCC |
| Modifying agency | BD-JhCC |
| 041 ## - LANGUAGE CODE | |
| Language code of Book | ben |
| 082 ## - DEWEY DECIMAL CLASSIFICATION NUMBER | |
| Classification number | 363.61 |
| Author mark and Year | MHN 1970 |
| 245 ## - TITLE STATEMENT | |
| Title | পানির অপর নাম জীবন / |
| Statement of responsibility, etc | সুফি গোলাম মহীউদ্দীন |
| 260 ## - PUBLICATION, DISTRIBUTION, ETC. (IMPRINT) | |
| Place of publication, distribution, etc | ঢাকা : |
| Name of publisher, distributor, etc | বুক ভিলা, |
| Date of publication, distribution, etc | ১৯৭০. |
| 300 ## - PHYSICAL DESCRIPTION | |
| Pagination | 120 p. : |
| Other physical details | ill. ; |
| Dimensions | 20 cm |
| 650 ## - SUBJECT ADDED ENTRY--TOPICAL TERM | |
| Topical term or geographic name as entry element | Water Conservation |
| 650 ## - SUBJECT ADDED ENTRY--TOPICAL TERM | |
| Topical term or geographic name as entry element | Ecology |
| 700 ## - ADDED ENTRY--PERSONAL NAME | |
| Personal name | মহীউদ্দীন, সুফি গোলাম |
| 942 ## - ADDED ENTRY ELEMENTS (KOHA) | |
| Source of classification or shelving scheme | Dewey Decimal Classification |
| Koha item type | Books |
| Source of classification or shelving scheme | Damaged status | Not for loan | Home library | Current library | Shelving location | Date of accession | Cost, normal purchase price | Total Checkouts | Full call number | Barcode | Date last seen | Copy number | Koha item type |
|---|---|---|---|---|---|---|---|---|---|---|---|---|---|
| Dewey Decimal Classification | JCC Rouf Library | JCC Rouf Library | General Stacks | 10/05/2017 | 2.00 | 363.61 MHN 1970 | 793 | 10/05/2017 | C-1 | Books |